[Event "10th Lichtenberger Sommer"]
[Site "Berlin GER"]
[Date "2011.08.14"]
[Round "2.35"]
[White "Bandlow,R"]
[Black "Guenther,T"]
[Result "1/2-1/2"]
[WhiteElo "2018"]
[BlackElo "2132"]

1.e4 c5 2.Nc3 Nc6 3.Bb5 Nd4 4.Bc4 d6 5.d3 g6 6.Be3 Bg7 7.Qd2 a6 8.a4 e6 9.Nge2 Qa5
10.Ng3 b5 11.Ba2 b4 12.Nd1 Qxa4 13.Bxd4 cxd4 14.O-O Qb5 15.Bb3 Qb6 16.f4 Nf6
17.f5 O-O 18.Nf2 exf5 19.exf5 d5 20.Qf4 Bb7 21.Nh3 h6 22.Ba4 Bc6 23.Qd6 Rac8
24.fxg6 fxg6 25.Nf4 Kh7 26.Ne6 Rf7 27.Nxg7 Kxg7 28.Rf2 Qc7 29.Qxb4 Bxa4 30.Qxa4 Qb6
31.Qxa6 Qxb2 32.Qa2 Qxa2 33.Rxa2 Ng4 34.Rxf7+ Kxf7 35.Ne2 Re8 36.h3 Rxe2
37.hxg4 Kf6 38.Kf1 Rd2 39.Ra6+ Kg5 40.Rd6 Rxc2 41.Rxd5+ Kxg4 42.Rxd4+ Kf5
43.Re4 h5 44.Kg1 g5 45.Kh2 Rd2 46.Re3 g4 47.Kg3 h4+ 48.Kxh4 Rxg2 49.Re8 Rh2+
50.Kg3 Rh3+ 51.Kg2 Rxd3 52.Rf8+  1/2-1/2

[Event "FSGM August"]
[Site "Budapest HUN"]
[Date "2011.08.14"]
[Round "9"]
[White "Simonian,H"]
[Black "Szabolcsi,J"]
[Result "1/2-1/2"]
[WhiteElo "2461"]
[BlackElo "2357"]

1.e4 c5 2.Nc3 Nc6 3.Bb5 Nd4 4.Bc4 e6 5.Nge2 Nf6 6.O-O a6 7.a4 d5 8.exd5 exd5
9.Ba2 Bd6 10.d3 O-O 11.Nxd4 cxd4 12.Ne2 Bg4 13.h3 Bh5 14.Qd2 Qe7 15.Ng3 Bg6
16.Qg5 Rac8 17.Bb3 Rfe8 18.Bd2 Qc7 19.Rfe1 Re6 20.a5 Rce8 21.Ba4 Bf4 22.Rxe6 Bxg5
23.Rxe8+ Nxe8 24.Bxg5 Qxa5 25.b4 Qc7 26.Bxe8 Qe5 27.Bc6 bxc6 28.Rxa6 Qe1+
29.Nf1 h6 30.Bd2 Qe8 31.Ng3 h5 32.Kf1 f6 33.Ne2 Qc8 34.Ra5 Be8 35.Nxd4 Bd7
36.h4 Qb8 37.Kg1 g5 38.hxg5 fxg5 39.Rc5 Qa8 40.Be3 g4 41.g3 Be8 42.b5 cxb5
43.Rc7 b4 44.Nf5 Qa1+ 45.Kg2 Qe5 46.Nh6+ Kh8 47.Bf4 Qe6 48.d4 Bd7 49.Kh2 Kh7
50.Rb7 Kg6 51.Rxb4 h4 52.Rb8 hxg3+ 53.Kxg3 Qe1 54.Rg8+ Kh7 55.Rxg4 Qg1+ 56.Kf3 Qd1+
57.Kg3 Bxg4 58.Nxg4 Qxd4 59.Be5 Qd2 60.c3 Kg6 61.Bd4 Qd3+ 62.Ne3 Kg5 63.f4+ Kh5
64.Kf3 Qe4+ 65.Kg3 Qh1 66.f5 Kg5 67.f6 Qe4 68.Kf2 Qe6 69.Kg3 Qd6+ 70.Kf3 Qf4+
71.Ke2 Qh2+ 72.Kd3 Qh7+ 73.Ke2 Qd7 74.Kd2 Kf4 75.Kd3 Qh7+ 76.Kd2 Ke4 77.Nd1 Kf3
78.Nf2 Qb1 79.Nd3 Qa2+ 80.Kc1 Qa3+ 81.Kc2 Qa4+ 82.Kb2 Qb5+ 83.Kc2 Qa4+ 84.Kb2 Qb5+  1/2-1/2

[Event "50th World Juniors"]
[Site "Chennai IND"]
[Date "2011.08.14"]
[Round "12.35"]
[White "Kuchynka,Luk"]
[Black "Aravindh,Chithambaram VR."]
[Result "0-1"]
[WhiteElo "2339"]
[BlackElo "2212"]

1.e4 c5 2.Nc3 Nc6 3.Bb5 Na5 4.a4 a6 5.Be2 d6 6.Nf3 Nf6 7.d3 Nc6 8.O-O g6
9.h3 Bg7 10.Be3 O-O 11.Qd2 e5 12.Bg5 Nd4 13.Bd1 Be6 14.a5 Qd7 15.Na4 Qc7
16.Nb6 Nxf3+ 17.Bxf3 Rae8 18.Bxf6 Bxf6 19.Bg4 Bxg4 20.hxg4 Qd8 21.g3 Bg7
22.g5 f5 23.gxf6 Rxf6 24.Kg2 Ref8 25.f3 R6f7 26.Nd5 h5 27.Rf2 Kh7 28.Rh1 Bh6
29.Qe1 Kg7 30.b4 cxb4 31.Qxb4 Bg5 32.c4 Qd7 33.Qb2 Qe6 34.d4 Kh7 35.dxe5 dxe5
36.Rb1 h4 37.Qb6 Qc8 38.Rh1 Qxc4 39.gxh4 Bh6 40.Qe6 Rxf3 41.Nf6+ R3xf6 42.Qxc4 Rxf2+
43.Kg3 R8f3+ 44.Kg4 Re3 45.Qc7+ Bg7 46.Rg1 Rf4+ 47.Kg5 Rexe4  0-1

[Event "20th ZMDI Open A"]
[Site "Dresden GER"]
[Date "2011.08.14"]
[Round "9.12"]
[White "Fruebing,S"]
[Black "Venkatesh,M"]
[Result "1/2-1/2"]
[WhiteElo "2363"]
[BlackElo "2480"]

1.e4 c5 2.Nf3 Nc6 3.Nc3 Nf6 4.Bb5 Qc7 5.d3 d6 6.O-O e6 7.Bxc6+ Qxc6 8.Bf4 b6
9.Re1 Bb7 10.d4 cxd4 11.Nxd4 Qd7 12.Ndb5 Rd8 13.f3 a6 14.Nxd6+ Bxd6 15.Qxd6 Qxd6
16.Bxd6 Rxd6 17.e5 Rd2 18.exf6 gxf6 19.Re2 Rxe2 20.Nxe2 Ke7 21.Rd1 Rc8 22.Rd2 e5
23.Kf2 f5 24.f4 f6 25.g3 b5 26.a3 Rc4 27.Rd3 Be4 28.Rc3 Bxc2 29.b4 Rxc3 30.Nxc3 Bb3
31.Ke3 Kf7 32.Nb1 Kg6 33.Nd2 Bd5 34.Nf1 Bg2 35.Nd2 Kh5 36.Nb3 Kg4 37.Nc5 Kh3
38.Nd7 Kxh2 39.Kf2 e4 40.Nxf6 h6 41.Nd5 h5 42.Ne3 Bh3 43.Nd5 Bg4 44.Ne3 Bh3
45.Nd5 Bg4 46.Ne3 Bh3  1/2-1/2

[Event "Etapa Recife CBX"]
[Site "Recife BRA"]
[Date "2011.08.14"]
[Round "8"]
[White "Brito,L"]
[Black "Lima,Lu"]
[Result "1-0"]
[WhiteElo "2250"]
[BlackElo "1980"]

1.e4 c5 2.Nf3 Nc6 3.Nc3 a6 4.d4 cxd4 5.Nxd4 Nf6 6.Bg5 d6 7.Qd2 Qc7 8.O-O-O e6
9.f4 Bd7 10.Nf3 O-O-O 11.Kb1 Be7 12.Bh4 Kb8 13.Bd3 Qa5 14.Rhf1 Rhe8 15.h3 Rc8
16.g4 d5 17.Ne5 Rc7 18.exd5 Nb4 19.Nc4 Rxc4 20.Bxc4 exd5 21.Bb3 Rd8 22.Qe1 Bd6
23.Nxd5 Re8 24.Nxf6 gxf6 25.Qd2 Bc7 26.Qxd7 Re2 27.Qxf7 Qc5 28.Qxh7  1-0

[Event "4th Sabadell Open A"]
[Site "Sabadell ESP"]
[Date "2011.08.14"]
[Round "4"]
[White "Jaksland,T"]
[Black "Delgado Ramos,H"]
[Result "1/2-1/2"]
[WhiteElo "2304"]
[BlackElo "2488"]

1.e4 c5 2.Nc3 Nc6 3.Bb5 e6 4.Bxc6 bxc6 5.d3 Ne7 6.f4 Ng6 7.Nf3 Qc7 8.O-O f5
9.exf5 exf5 10.Ng5 Ne7  1/2-1/2

[Event "50th World Juniors"]
[Site "Chennai IND"]
[Date "2011.08.15"]
[Round "13"]
[White "Debashish,Du"]
[Black "Rodriguez Aleman,E"]
[Result "1-0"]
[WhiteElo "2127"]
[BlackElo "1997"]

1.e4 c5 2.Ne2 Nc6 3.Nbc3 e6 4.g3 Nf6 5.Bg2 Be7 6.O-O Qb6 7.d3 d6 8.a3 a6
9.Rb1 e5 10.h3 Nd4 11.Be3 Bd7 12.f4 O-O-O 13.b4 Qc7 14.Qd2 Bc6 15.Bxd4 exd4
16.Nd5 Nxd5 17.exd5 Bd7 18.bxc5 Qxc5 19.Rb4 Kb8 20.Rfb1 Bc8 21.Kh2 Bf6 22.R1b3 Rhe8
23.Rc4 Qa7 24.Rbb4 a5 25.Rb1 Re3 26.Nc1 Rde8 27.Nb3 Qb6 28.Qxa5 Qxa5 29.Nxa5 h5
30.h4 Ka8 31.Nc6  1-0

[Event "26th Universiade Men"]
[Site "Shenzhen CHN"]
[Date "2011.08.15"]
[Round "2.9"]
[White "Pereira,Rub"]
[Black "Rakhmanov,Ale"]
[Result "1/2-1/2"]
[WhiteElo "2436"]
[BlackElo "2585"]

1.e4 c5 2.Nc3 Nc6 3.Nf3 Nf6 4.d4 d5 5.exd5 Nxd5 6.dxc5 Nxc3 7.Qxd8+ Nxd8
8.bxc3 f6 9.Nd4 Bd7 10.Be3 Rc8 11.Rb1 e5 12.Nb5 Bxc5 13.Nxa7 Bxa7 14.Bxa7 Rxc3
15.Bd3 Ra3 16.Bb6 Rxa2 17.O-O Bc6 18.Ra1 Rxa1 19.Rxa1 O-O 20.Bc4+ Nf7 21.Rd1 g5
22.Rd8 Kg7 23.Rxf8 Kxf8 24.Bxf7 Kxf7 25.g3 Be4 26.c3 Bf3 27.Kf1 Ke6 28.Ke1 f5
29.Bd8 g4 30.Kd2 Kd5 31.Kd3 Bg2 32.Bc7 h5 33.Ke3 Bf1 34.Bb8 h4 35.Bc7 h3
36.Bb8 b5 37.Bc7 e4 38.Bb8 Kc4 39.Be5 Kb3 40.Kd2 Bc4  1/2-1/2

[Event "Botvinnik 100th Open"]
[Site "St Petersburg RUS"]
[Date "2011.08.15"]
[Round "4"]
[White "Savchenko,B"]
[Black "Alekseenko,K"]
[Result "1-0"]
[WhiteElo "2615"]
[BlackElo "2339"]

1.e4 c5 2.Nf3 Nc6 3.Nc3 d6 4.d4 cxd4 5.Nxd4 Nf6 6.Bg5 e6 7.Qd2 a6 8.O-O-O Bd7
9.f3 Be7 10.Be3 b5 11.g4 O-O 12.g5 Nh5 13.Nce2 Nxd4 14.Nxd4 g6 15.Ne2 e5
16.f4 Bg4 17.f5 gxf5 18.Rg1 Ng7 19.exf5 Bxf5 20.Nc3 Rc8 21.Bd3 Bg6 22.Nd5 e4
23.Be2 f5 24.gxf6 Bxf6 25.Bg4 Rb8 26.Nxf6+ Qxf6 27.Qd5+ Qf7 28.h4 h5 29.Bd7 Rbd8
30.Bc6 Kh7 31.Qg5 Nf5 32.Bxe4 Qf6 33.Bxf5 Qxg5 34.Bxg5  1-0

[Event "10th Lichtenberger Sommer"]
[Site "Berlin GER"]
[Date "2011.08.16"]
[Round "4.20"]
[White "Skibbe,W"]
[Black "Strehlow,H2"]
[Result "1-0"]
[WhiteElo "2213"]
[BlackElo "2074"]

1.e4 c5 2.Nc3 Nc6 3.Bb5 e6 4.Bxc6 bxc6 5.d3 d5 6.f4 Nf6 7.e5 Nd7 8.Nf3 Nb6
9.b3 a5 10.a4 c4 11.dxc4 Bb4 12.Bb2 Ba6 13.Kf2 dxc4 14.Ne4 Nd5 15.Ba3 O-O
16.Bxb4 axb4 17.g3 cxb3 18.cxb3 Rc8 19.Rc1 Qc7 20.Qc2 Rfd8 21.Rhd1 Qe7 22.Qc5 Bb7
23.Qxe7 Nxe7 24.Nd6  1-0

[Event "26th Universiade Women"]
[Site "Shenzhen CHN"]
[Date "2011.08.16"]
[Round "3.4"]
[White "Vasilevich,I"]
[Black "Stojanovic,Andj"]
[Result "1-0"]
[WhiteElo "2367"]
[BlackElo "2293"]

1.e4 c5 2.Nc3 Nc6 3.Bb5 Nd4 4.Bc4 g6 5.Nf3 Bg7 6.Nxd4 cxd4 7.Qf3 f5 8.Ne2 e6
9.exf5 gxf5 10.d3 Ne7 11.Bg5 Qa5+ 12.Bd2 Qb6 13.Qh5+ Kf8 14.O-O d5 15.Bb3 e5
16.Bg5 Be6 17.Rae1 Ng6 18.Bh6 Bxh6 19.Qxh6+ Kf7 20.Ng3 Rag8 21.f4 exf4 22.Nxf5 Bxf5
23.Bxd5+ Kf6 24.h4 Rd8 25.Qg5+ Kg7 26.Re7+ Kf8 27.Rf7+ Kg8 28.Re7+ Kf8 29.Rf7+ Kg8
30.Qh6  1-0

[Event "26th Universiade Women"]
[Site "Shenzhen CHN"]
[Date "2011.08.16"]
[Round "4.1"]
[White "Vasilevich,I"]
[Black "Zawadzka,J"]
[Result "1-0"]
[WhiteElo "2367"]
[BlackElo "2405"]

1.e4 c5 2.Nc3 Nc6 3.Bb5 g6 4.Bxc6 dxc6 5.d3 Bg7 6.f4 e6 7.Nf3 Ne7 8.O-O b6
9.Qe1 Ba6 10.b3 Qc7 11.a4 O-O 12.Bd2 Rae8 13.Qh4 Bc8 14.a5 f5 15.axb6 axb6
16.e5 Nd5 17.Na4 Nb4 18.Rfc1 Bd7 19.d4 Na6 20.Nxc5 bxc5 21.Rxa6 cxd4 22.Rca1 Bc8
23.R6a4 c5 24.b4 cxb4 25.Bxb4 Qxc2 26.Ra7 Qe4 27.Bxf8 Rxf8 28.Qe7  1-0

[Event "10th Lichtenberger Sommer"]
[Site "Berlin GER"]
[Date "2011.08.17"]
[Round "5.70"]
[White "Bandlow,R"]
[Black "Albinus,G"]
[Result "1-0"]
[WhiteElo "2018"]
[BlackElo "1825"]

1.e4 c5 2.Nc3 Nc6 3.Bb5 Nd4 4.Bc4 d6 5.d3 e6 6.Nge2 Be7 7.O-O Nf6 8.Be3 Nc6
9.d4 O-O 10.a3 cxd4 11.Nxd4 a6 12.f3 Qc7 13.Qe2 Nxd4 14.Bxd4 b5 15.Bb3 Bb7
16.Qf2 Nd7 17.Rad1 Rfd8 18.Rfe1 Bf6 19.Ne2 Rac8 20.c3 e5 21.Be3 Nc5 22.Ba2 Rd7
23.Ng3 Qd8 24.Rd2 g6 25.Red1 Ne6 26.Nf1 Qf8 27.Bb1 Bg5 28.Bxg5 Nxg5 29.Ne3 Ne6
30.Ng4 Qe7 31.Nxe5  1-0

[Event "Malaysian Open"]
[Site "Kuala Lumpur MAS"]
[Date "2011.08.18"]
[Round "2.29"]
[White "Qiu,Mengjie"]
[Black "Zhai Mo"]
[Result "0-1"]
[WhiteElo "1941"]
[BlackElo "2198"]

1.e4 c5 2.Nf3 Nc6 3.Nc3 g6 4.d4 cxd4 5.Nxd4 Bg7 6.Be3 Nf6 7.Bc4 d6 8.f3 Qb6
9.Ncb5 Qa5+ 10.Qd2 Qxd2+ 11.Kxd2 O-O 12.c3 Bd7 13.Kc2 Rfc8 14.Nxc6 bxc6 15.Nd4 a5
16.Rhd1 a4 17.b3 d5 18.exd5 cxd5 19.Bb5 Bxb5 20.Nxb5 Ra5 21.bxa4 Rxa4 22.Kb3 Raa8
23.a4 e6 24.Bd4 Nd7 25.Bxg7 Kxg7 26.Rd4 Ne5 27.Kc2 Nc4 28.Kb3 Ra5 29.f4 Rca8
30.Ra2 h5 31.g3 Kf6 32.Kb4 Nb6 33.Kb3 Nxa4 34.Raxa4 Rxb5+ 35.Rdb4 Rxa4 36.Kxa4 Rc5
37.Kb3 Rc7 38.Kc2 Kf5 39.h3 f6 40.Rd4 Rc4 41.Rxc4 dxc4 42.Kd2 h4  0-1

[Event "Malaysian Open"]
[Site "Kuala Lumpur MAS"]
[Date "2011.08.18"]
[Round "2.15"]
[White "Mariano,N2"]
[Black "Nolte,R"]
[Result "1/2-1/2"]
[WhiteElo "2242"]
[BlackElo "2433"]

1.e4 c5 2.Nc3 Nc6 3.Nge2 d6 4.g3 g6 5.Bg2 Bg7 6.O-O Nf6 7.d3 O-O 8.h3 Rb8
9.f4 Nd7 10.g4 b5 11.f5 b4 12.Nd5 Nb6 13.Ne3 Ne5 14.g5 f6 15.gxf6 exf6 16.a3 a5
17.axb4 axb4 18.d4 cxd4 19.Qxd4 Nc6 20.Qd3 Rf7 21.Rd1 Qe8 22.Nf4 g5 23.Nfd5 Ne5
24.Qd4 Nxd5 25.Qxd5 Bf8 26.b3 Kh8 27.Bb2 Rc7 28.Nc4 Rc6 29.Ra7 Ba6 30.Bd4 Bxc4
31.bxc4 Rbc8 32.c5 dxc5 33.Bxe5 fxe5 34.Bf1 c4 35.Kg2 Bg7 36.Qb5 b3 37.cxb3 c3
38.Qb7 R6c7 39.Qxc7 Rxc7 40.Rxc7 Qa8 41.Kf3 h5 42.Rdd7 g4+ 43.hxg4 hxg4+
44.Ke3 Qa1 45.Kf2 Qb2+ 46.Kg3 Qc1 47.Rxg7 Qxf1 48.Rh7+ Kg8 49.Rhg7+ Kh8 50.Rh7+ Kg8
51.Rhg7+ Kh8  1/2-1/2

[Event "Metalmex Open"]
[Site "Liberec CZE"]
[Date "2011.08.18"]
[Round "6.15"]
[White "Slazansky,Tibor"]
[Black "Jina,L"]
[Result "0-1"]
[WhiteElo "1543"]
[BlackElo "1868"]

1.e4 c5 2.Nc3 Nc6 3.Nf3 d6 4.Be2 Nf6 5.d4 cxd4 6.Nxd4 a6 7.Be3 Bd7 8.O-O e6
9.Bd3 Be7 10.f4 O-O 11.f5 Nxd4 12.Bxd4 e5 13.Be3 Bc6 14.Qe2 Rc8 15.Rad1 Qc7
16.Kh1 d5 17.exd5 Bxd5 18.Nxd5 Nxd5 19.c4 Nf6 20.Bf2 Rfe8 21.Bg3 Bd6 22.Be4 Qb6
23.Bh4 Be7 24.Bxf6 Bxf6 25.b3 Qc7 26.g4 Bd8 27.Rg1 Bg5 28.Rg2 Rcd8 29.Rgg1 a5
30.Rxd8 Rxd8 31.Rd1 b6 32.Rxd8+ Qxd8 33.Qd3 Kf8 34.Qxd8+ Bxd8 35.Kg2 Ke7
36.Kf3 Kd6 37.Bd5 f6 38.h4 h6 39.Ke3 Kc5 40.a3 Be7 41.Ke4 Kd6 42.Kd3 Kc7
43.a4 Bb4 44.Ke4 Kd6 45.Kd3 Kc5 46.Ke4 Bc3 47.Kd3 Bd4 48.Be6 Kb4 49.Kc2 e4
50.Bd5 e3 51.Bf3 Bc5 52.Be2 Bd6 53.h5 Bf4 54.Bf1 Kc5 55.Kd3 Bg5 56.Be2 Kb4
57.Kc2 Ka3 58.Bf1 Kb4 59.Kd3  0-1

[Event "XLV Mislata Open A"]
[Site "Mislata ESP"]
[Date "2011.08.18"]
[Round "5"]
[White "Sanchez Saez,F"]
[Black "Fernandez Alonso,M"]
[Result "1-0"]
[WhiteElo "2227"]
[BlackElo "2137"]

1.e4 c5 2.Ne2 Nc6 3.Nbc3 e5 4.Nd5 Nge7 5.Nec3 d6 6.Bc4 Nxd5 7.Nxd5 Be6 8.d3 b5
9.Bxb5 Bxd5 10.c4 Bxe4 11.dxe4 Qb6 12.Qa4 Kd7 13.Be3 Kc7 14.O-O Be7 15.Bxc6 Qxc6
16.Qc2 Rhf8 17.a3 a5 18.Rfd1 a4 19.Rd5 Rfd8 20.Rad1 Rab8 21.Bd2 Qa6 22.Bc3 Ra8
23.Qe2 g6 24.Qf3 f6 25.Qh3 Qc8 26.Qxh7 Qe6 27.Qxg6 Rg8 28.Qh5 Rg4 29.h3 Rxe4
30.Rxd6 Qxd6 31.Rxd6 Kxd6 32.Qf3 f5 33.Qxf5 Rd4 34.Bxd4 cxd4 35.c5+ Kd5 36.Qf7+ Kxc5
37.Qxe7+ Kc4 38.Qb4+ Kd3 39.Qb5+ Kd2 40.Qxe5 d3 41.Kf1 Rc8 42.Qe3+ Kc2 43.Qe4 Kd2
44.g4 Rc1+ 45.Kg2 Re1 46.Qxa4 Re2 47.Qd4 Ke1 48.Qxd3 Rxf2+ 49.Kg3 Rf3+ 50.Qxf3  1-0

[Event "6th Ptuj Open"]
[Site "Ptuj SLO"]
[Date "2011.08.18"]
[Round "9"]
[White "Belsak,Z"]
[Black "Vrban,R"]
[Result "1-0"]
[WhiteElo "2109"]
[BlackElo "2033"]

1.e4 c5 2.Nc3 Nc6 3.Bb5 g6 4.Bxc6 bxc6 5.d3 d6 6.f4 Bg7 7.Nf3 Nf6 8.Bd2 Rb8
9.Rb1 O-O 10.O-O Ne8 11.Qe1 Nc7 12.Qh4 e6 13.Qg3 f5 14.h4 Ba6 15.h5 Qe8 16.exf5 exf5
17.Rfe1 Qf7 18.Ng5 Bd4+ 19.Kh2 Qg7 20.Qf3 Qd7 21.b3 Rbe8 22.Kg3 d5 23.hxg6 hxg6
24.Rh1 Ne6 25.Rh6 Qg7 26.Rh7 Qf6 27.Nxd5 cxd5 28.Qxd5 Bc8 29.Rbh1 Qd8 30.Qc4 Re7
31.R7h6 Qe8 32.Bc3 Bxc3 33.Qxc3 Nd4 34.Qc4+ Ne6 35.Nxe6 Rxe6 36.Rh8+ Kg7
37.R1h7+ Kf6 38.Qc3+ Re5 39.Qxe5+  1-0

[Event "26th Universiade Women"]
[Site "Shenzhen CHN"]
[Date "2011.08.18"]
[Round "5"]
[White "Zawadzka,J"]
[Black "Stojanovic,Andj"]
[Result "1-0"]
[WhiteElo "2405"]
[BlackElo "2293"]

1.e4 c5 2.Nf3 Nc6 3.Nc3 d6 4.d4 cxd4 5.Nxd4 Nf6 6.Bg5 e6 7.Qd2 Qb6 8.Nb3 a6
9.O-O-O Be7 10.f3 O-O 11.g4 Rd8 12.Be3 Qc7 13.g5 Nd7 14.f4 b5 15.Qf2 Rb8
16.Kb1 Nb6 17.f5 Ne5 18.Rg1 Na4 19.Bd4 Nxc3+ 20.Bxc3 b4 21.Bd4 a5 22.h4 a4
23.Nc1 Bd7 24.b3 axb3 25.axb3 Rdc8 26.Bb2 d5 27.exd5 Bc5 28.Qe2 Bxg1 29.Bxe5 Qa5
30.dxe6 Bb5 31.exf7+ Kxf7 32.g6+ Kg8 33.gxh7+ Kh8 34.Qg2 Qa7 35.Bxb8 Rxb8
36.Bxb5 Bd4 37.Ba4  1-0

[Event "26th Universiade Women"]
[Site "Shenzhen CHN"]
[Date "2011.08.18"]
[Round "6"]
[White "Muzychuk,M"]
[Black "Dauletova,G"]
[Result "1-0"]
[WhiteElo "2469"]
[BlackElo "2262"]

1.e4 c5 2.Nc3 Nc6 3.Bb5 Nd4 4.Nf3 Nxb5 5.Nxb5 a6 6.Nc3 d6 7.d4 cxd4 8.Qxd4 Bd7
9.Bg5 h6 10.Bh4 Nf6 11.O-O-O e5 12.Qd3 Rc8 13.Kb1 Be6 14.Bxf6 Qxf6 15.Nd5 Qd8
16.Nd2 Bxd5 17.Qxd5 Qc7 18.Qd3 Be7 19.Nf1 O-O 20.Ne3 Rfe8 21.h4 Bf8 22.g4 b5
23.Qe2 Qb7 24.Rd5 g6 25.h5 g5 26.Rhd1 Re6 27.R1d3 Rc6 28.Rb3 Qc7 29.Rdd3 Qa7
30.Rbc3 Rc5 31.b4 Rxc3 32.Rxc3 Rf6 33.f3 d5 34.Nxd5 Re6 35.Qe3 Qb8 36.a3 Kg7
37.Rc7 Bd6 38.Rc6 Qa8 39.Qc3 Bb8 40.Rc8 Qb7 41.Qc5 Bd6 42.Qc6 Qa7 43.Qa8 Qxa8
44.Rxa8 Bf8 45.Kb2 Rc6 46.Kb3 Bd6 47.c3 Bf8 48.a4 Bd6 49.axb5 axb5 50.Ra5 Bb8
51.Rxb5 Ba7 52.c4 Bd4 53.Ra5 Kh7 54.Ra8 Kg7 55.c5 Bxc5 56.bxc5 Rxc5 57.Re8 Rc1
58.Rxe5 Rf1 59.Rf5 Rc1 60.Nc3 Re1 61.Kc4 Rc1 62.Kd3 Kg8 63.Nd5 Kg7 64.Ne3  1-0

[Event "Stare Mesto FIDE Open"]
[Site "Stare Mesto CZE"]
[Date "2011.08.18"]
[Round "8"]
[White "Koutny,Pe"]
[Black "Plat,V"]
[Result "0-1"]
[WhiteElo "2165"]
[BlackElo "2410"]

1.e4 c5 2.Nc3 Nc6 3.Bb5 Nd4 4.Nf3 Nxb5 5.Nxb5 g6 6.d4 Bg7 7.O-O a6 8.Nc3 cxd4
9.Nxd4 d6 10.Be3 Nf6 11.Qd2 Ng4 12.Bg5 O-O 13.Nd5 f6 14.Be3 e6 15.Nc3 Qc7
16.h3 Nxe3 17.Qxe3 b5 18.a3 Re8 19.Rad1 Bb7 20.Rd2 f5 21.exf5 gxf5 22.Nf3 Rad8
23.Rfd1 d5 24.Qg5 Kh8 25.Nd4 Qf7 26.f4 Rg8 27.Qh4 Bf6 28.Qf2 Rg6 29.Kh1 Rdg8
30.Qe3 Rg3 31.Qe1 Qh5 32.Qe2 Qh4 33.Qf2 R8g7 34.Nce2 Rxh3+  0-1

[Event "Manhattan Open"]
[Site "New York USA"]
[Date "2011.08.19"]
[Round "5"]
[White "Jiang,L"]
[Black "Shvartsman,A"]
[Result "1/2-1/2"]
[WhiteElo "2348"]
[BlackElo "2209"]

1.e4 c5 2.Nf3 Nc6 3.Nc3 Nf6 4.b3 e5 5.Bc4 Be7 6.O-O O-O 7.Re1 d6 8.h3 a6
9.a4 Rb8 10.Bb2 Nd4 11.Nd5 Nxd5 12.Bxd5 Be6 13.Nxd4 exd4 14.d3 Bg5 15.Qf3 Qf6
16.Qxf6 Bxf6 17.Bc1 Bxd5 18.exd5 Rfe8 19.Bf4 Be5 20.Bd2 b6 21.Kf1 Kf8 22.Re2 Bf6
23.f4 Rxe2 24.Kxe2 h5 25.Kf3 Ke7 26.g3 Kd7 27.Re1 g6 28.Rb1 Rc8  1/2-1/2

[Event "Botvinnik 100th Open"]
[Site "St Petersburg RUS"]
[Date "2011.08.19"]
[Round "8"]
[White "Geller,J"]
[Black "Yemelin,V"]
[Result "1/2-1/2"]
[WhiteElo "2535"]
[BlackElo "2592"]

1.e4 c5 2.Nf3 Nc6 3.Nc3 d6 4.d4 cxd4 5.Nxd4 Nf6 6.Bg5 Bd7 7.Qd2 Rc8 8.O-O-O Nxd4
9.Qxd4 Qa5 10.Bd2 a6 11.Kb1 Qc5 12.Qxc5 Rxc5 13.f3 g6 14.Be3 Rc6 15.g4 Bg7
16.h4 h6 17.Bg2 b5 18.a3 Rc8 19.Rd2 Bc6 20.Bd4 O-O 21.Re1 Nd7 22.g5 Bxd4
23.Rxd4 hxg5 24.hxg5 Nc5 25.Nd5 Bxd5 26.exd5 Rc7 27.Bh3 Kg7 28.Rh4 Rh8 29.Rxh8 Kxh8
30.Re3 Na4 31.f4 Kg7 32.Bg2 Kf8 33.Kc1 Rc5 34.Rd3 Ke8 35.Rh3 Nb6 36.Rh8+ Kd7
37.Rf8 Rc4 38.Rxf7 Ke8 39.Rg7 Rxf4 40.b3 Rg4 41.Bh3 Rxg5 42.Be6 Nd7 43.Bf7+ Kf8
44.Rxg6 Rxg6 45.Bxg6 Nb6 46.c4 bxc4 47.bxc4 Nxc4 48.Bd3 Nb6 49.Bxa6 Nxd5
50.Bb7 Nb6 51.Kc2 Ke8 52.Kb3 Kd7 53.Kb4 Kc7 54.Bg2 d5 55.Kb5 e6  1/2-1/2

[Event "5th Zupanja Open"]
[Site "Zupanja CRO"]
[Date "2011.08.19"]
[Round "3"]
[White "Zovko,Mari"]
[Black "Tomic,Bos"]
[Result "1/2-1/2"]
[WhiteElo "2238"]
[BlackElo "2409"]

1.e4 c5 2.Nc3 Nc6 3.Nge2 g6 4.g3 Bg7 5.Bg2 d6 6.d3 e6 7.Be3 Nd4 8.Qd2 Ne7
9.O-O Nec6 10.Rae1 O-O 11.Nd1 f5 12.c3 Nxe2+ 13.Rxe2 e5 14.Bh6 Bxh6 15.Qxh6 f4
16.f3 Be6 17.Nf2 Bxa2 18.gxf4 Rxf4 19.Nh3 Qh4 20.Qxh4 Rxh4 21.f4 exf4 22.Nxf4 Rf8
23.Ref2 g5 24.Nh3 Rxf2 25.Rxf2 g4 26.Nf4 Bf7 27.Ne2 Kg7 28.Ng3 Be6 29.Ne2 Rh6
30.Nf4 Bf7 31.Rd2 Rf6 32.Ne2 Ne5 33.Ng3 Bg6 34.d4 Nc4 35.Re2 h5 36.e5 dxe5
37.dxe5 Rb6 38.Bd5 Nxb2 39.e6 Nd3 40.e7 Rb1+ 41.Nf1 Nf4 42.Re5 Nxd5 43.Rxd5 Kf7
44.Re5 Ke8 45.Kf2 Rb2+ 46.Kg3 Rb6 47.Ne3 Kd7 48.Nd5 Re6 49.Rxe6 Kxe6 50.Nf4+ Kxe7
51.Nxg6+ Kf6 52.Nf4 Kg5 53.Ne6+ Kf5 54.Nxc5 b6 55.Na6 Kg5 56.c4 h4+ 57.Kf2 Kf4
58.c5 bxc5 59.Nxc5 a5 60.Ke2 g3 61.hxg3+ Kxg3 62.Ne4+ Kg2 63.Ng5 Kg3 64.Kd3 Kg4
65.Ne4 Kf4 66.Nf2 Kf3 67.Nh3 Kg3 68.Ng5 Kg4 69.Ne4 Kf3 70.Ng5+ Kg4 71.Ne4  1/2-1/2

[Event "10th Lichtenberger Sommer"]
[Site "Berlin GER"]
[Date "2011.08.20"]
[Round "8.44"]
[White "George,Tom"]
[Black "Rosebrock,T"]
[Result "1/2-1/2"]
[WhiteElo "1839"]
[BlackElo "1934"]

1.Nc3 c5 2.Nf3 Nc6 3.e4 d6 4.d4 cxd4 5.Nxd4 Nf6 6.f3 e5 7.Nb3 Be7 8.Be3 O-O
9.Qd2 a5 10.a4 Be6 11.Nd5 Bxd5 12.exd5 Nb4 13.c4 Qc7 14.Be2 Rfc8 15.O-O Bd8
16.f4 Ne4 17.Qd1 Bf6 18.Qb1 exf4 19.Rxf4 Nc5 20.Nxc5 dxc5 21.Qc1 Qe5 22.Rb1 Re8
23.Rf3 Qe4 24.Bf1 Bd4 25.Bxd4 cxd4 26.Qd1 Re5 27.Bd3 Nxd3 28.Qxd3 f5 29.Rd1 Rae8
30.Qxd4 Qc2 31.Rdf1 Re2 32.R3f2 R8e4 33.Qb6 Rxf2 34.Qxf2 Re2 35.Qf3 Qxb2
36.d6 Rd2 37.c5 Qd4+ 38.Kh1 Qxc5 39.Qxb7 Qxd6 40.Qc8+ Qd8 41.Qe6+ Kh8 42.Qxf5 h6
43.h3 Qd5 44.Qf8+ Kh7 45.Qf5+  1/2-1/2

[Event "Malaysian Open"]
[Site "Kuala Lumpur MAS"]
[Date "2011.08.20"]
[Round "5.5"]
[White "Gao Rui"]
[Black "Sanchez,Joseph"]
[Result "1-0"]
[WhiteElo "2420"]
[BlackElo "2534"]

1.e4 c5 2.Nf3 Nc6 3.Nc3 Nf6 4.d4 cxd4 5.Nxd4 e5 6.Ndb5 d6 7.Bg5 a6 8.Na3 b5
9.Nd5 Be7 10.Bxf6 Bxf6 11.c4 b4 12.Nc2 O-O 13.g3 Bg5 14.h4 Bh6 15.Bh3 Qa5
16.Kf1 Qc5 17.Qd3 Be6 18.b3 a5 19.Nc7 Bxh3+ 20.Rxh3 Ra7 21.Nb5 Rd7 22.g4 Bf4
23.Rd1 Rfd8 24.Ne3 Bxe3 25.Qxe3 Qxe3 26.Rxe3 Kf8 27.Red3 Ke7 28.Rd5 Ke6 29.Ra1 h6
30.a3 bxa3 31.Rxa3 Rb8 32.Ra1 g6 33.Rad1 Rbd8 34.R5d2 Nb4 35.Ra1 Nc6 36.Ke2 f5
37.gxf5+ gxf5 38.Rg1 Rf7 39.Nxd6 Nd4+ 40.Rxd4 exd4 41.Nxf7 Kxf7 42.exf5 Kf6
43.Rg6+ Kxf5 44.Rxh6 d3+ 45.Kd2 Rb8 46.Rh5+ Ke4 47.f3+ Kxf3 48.Rb5 Ra8 49.Kxd3  1-0

[Event "XVI Seahorse Open A"]
[Site "Rewal POL"]
[Date "2011.08.20"]
[Round "2.3"]
[White "Dragun,K"]
[Black "Turlej,L"]
[Result "1-0"]
[WhiteElo "2428"]
[BlackElo "2158"]

1.e4 c5 2.Nf3 Nc6 3.Nc3 Nf6 4.Bb5 e5 5.Bxc6 dxc6 6.Nxe5 Nxe4 7.Nxe4 Qd4 8.O-O Qxe5
9.Re1 Be7 10.Ng3 Qc7 11.b3 O-O 12.Bb2 Bd6 13.Qh5 f5 14.Qg5 Bf4 15.Qh4 Bh6
16.Re7 Qd6 17.Be5 Qxd2 18.Nh5 Rf7 19.Re8+ Rf8 20.Qe7  1-0

[Event "XVI Seahorse Open A"]
[Site "Rewal POL"]
[Date "2011.08.20"]
[Round "2.15"]
[White "Palosz,A"]
[Black "Sliwicki,D"]
[Result "1-0"]
[WhiteElo "2167"]
[BlackElo "1899"]

1.e4 c5 2.Nc3 Nc6 3.Nge2 g6 4.d4 cxd4 5.Nxd4 Bg7 6.Be3 Nf6 7.Bc4 O-O 8.O-O Ng4
9.Qxg4 Nxd4 10.Qd1 Nc6 11.Qd2 d6 12.Bh6 Bd7 13.Bxg7 Kxg7 14.Nd5 Rc8 15.Bb3 Be6
16.Rfe1 Bxd5 17.exd5 Nb8 18.Qd4+ Kg8 19.Qxa7 Rc7 20.Qe3 Na6 21.c3 Nc5 22.Bc2 Re8
23.Qh6 e5 24.dxe6 fxe6 25.Re3 e5 26.Rd1 Rf8 27.h4 Ne6 28.Bb3 Qe7 29.h5 Rf6
30.hxg6 hxg6 31.Rh3 Qg7 32.Qh4 Rd7 33.Qg4 Kf7 34.Rf3 Ke7 35.Re3 g5 36.Rg3 Rf4
37.Qxe6+ Kf8 38.Rxd6 Qh7 39.Rxd7 Qb1+ 40.Rd1  1-0

[Event "PK NBSB Open A"]
[Site "Roosendaal NED"]
[Date "2011.08.20"]
[Round "2"]
[White "Sprangers,R"]
[Black "Van Delft,M"]
[Result "0-1"]
[WhiteElo "2204"]
[BlackElo "2401"]

1.e4 c5 2.Nc3 Nc6 3.Nf3 d6 4.d4 cxd4 5.Nxd4 Nf6 6.Bg5 e6 7.Qd2 a6 8.O-O-O Bd7
9.f4 b5 10.Bxf6 gxf6 11.Nxc6 Bxc6 12.Bd3 b4 13.Ne2 Qb6 14.Kb1 h5 15.Qe1 h4
16.Nc1 a5 17.f5 Qc5 18.Nb3 Qe5 19.Bc4 Bxe4 20.fxe6 fxe6 21.Nd4 d5 22.Bb5+ Kf7
23.Rf1 Bc5 24.Nb3 Bd6 25.Nd4 Bc5 26.Nb3 Bb6 27.Nd2 Bf5 28.Be2 Rag8 29.Nf3 Qe4
30.Nd2 Qxc2+ 31.Ka1 Rc8 32.Nf3 Qe4 33.Rd2 Be3 34.Rd3 Rc1+  0-1

[Event "PK NBSB Open A"]
[Site "Roosendaal NED"]
[Date "2011.08.20"]
[Round "2"]
[White "Tolhuizen,L"]
[Black "Konings,F"]
[Result "1-0"]
[WhiteElo "2180"]
[BlackElo "2280"]

1.e4 c5 2.Nc3 Nc6 3.Bb5 Nd4 4.Bc4 e6 5.Nf3 Ne7 6.Nxd4 cxd4 7.Ne2 Nc6 8.d3 b5
9.Bb3 Bb7 10.O-O Bc5 11.c3 O-O 12.Kh1 Qh4 13.Ng3 Ne5 14.f3 b4 15.cxd4 Bxd4
16.Ne2 Bb6 17.Bf4 Nc6 18.Bd6 Rfc8 19.f4 Qh6 20.Rf3 Bc7 21.Bxc7 Rxc7 22.Qd2 Qf6
23.f5 Ne5 24.Rg3 a5 25.Nf4 Qh6 26.Rh3 Qg5 27.Rg3 Ng4 28.Rf1 e5 29.Qe2 exf4
30.Rxg4 Qf6 31.e5 Qb6 32.Rgxf4 Re8 33.f6 g6 34.Rh4 Qc5 35.d4 Qf8 36.Qe3 Rec8
37.d5 h5 38.e6 dxe6 39.dxe6 Kh7 40.e7 Qh6 41.e8=Q Rxe8 42.Qxe8 Qc1 43.Qxf7+  1-0